| 000 | 00375nam a2200157Ia 4500 | ||
|---|---|---|---|
| 008 | 130318s9999 xx 000 0 und d | ||
| 020 | _a8178082314 | ||
| 082 | _a005.74 DAT/I | ||
| 100 | _aDate, CJ | ||
| 245 | _aAn introduction to database systems | ||
| 250 | _a7 | ||
| 260 |
_bAW _aReading _c2000 |
||
| 300 | _a938 | ||
| 650 | _aDATABASE MANAGEMENT SYSTEMS | ||
| 650 | _aDBMS | ||
| 999 |
_c328 _d328 |
||